/Aforizmy./

Bibliographic Details
Main Author: Pevný, Vladimír, 1926- (Author)
Format: Article
Language:Slovak
Subjects:

MARC

LEADER 00000nab a2200000 a 4500
001 vtls000374391
003 SK-MaSNL
005 20260304003316.0
008 140422c1990 xo 0 slo
015 |a SNBRB19rr/mm-uuuuu 
035 |a CL0374513 
040 |a SNKBUCL  |b slo  |c SNKBUCL  |e AACR2 
041 0 |a slo 
044 |a xo  |c SK 
080 |a 885.4-84  |2 1981 
100 1 |a Pevný, Vladimír,  |d 1926-  |4 aut  |9 251678 
245 1 0 |a /Aforizmy./  |c Vladimír Pevný 
500 |a V rubrike Literárium. 
650 0 7 |a aforizmy  |2 snkbucl  |9 75179 
655 7 |a články z novín a časopisov  |2 snkbucl  |9 267496 
655 7 |a články z odboru literárna veda a krásna literatúra  |2 snkbucl  |9 770045 
773 0 |t Literárny týždenník  |g Roč. 3, č. 5 (1990), s. 16 
850 |a Slovenská národná knižnica v Martine  |a MTA001 
852 |a SNK  |b KIS3GCP 
958 |a RK 
958 |a LX 
999 |c 2546647  |d 2548577